Quelques marques... - Statistiques

Statistiques générales
  • Ce quiz a été pris 126 fois
  • Le résultat moyen est 10 sur 16
Statistiques - réponses
Par images Réponse % Correct
Carrefour
99%
Mercedes
98%
Netflix
94%
Pringles
87%
LG
85%
Chupa Chups
80%
Allianz
79%
Shell
79%
Umbro
68%
Carhartt
35%
K-Way
35%
Crocs
28%
Infiniti
26%
Unilever
24%
Rip Curl
21%
John Deere
20%
Aucun quiz correspondant
Distribution des résultats
% des personnes avec chaque résultat
Percentile par nombre de réponses
Votre historique - résultats
Vous n’avez pas pris ce quiz